• 首页
  • 本馆介绍
  • 公告通知
  • 最新文献
  • 馆藏检索
  • 电子资源
  • 读者导购
  • 参考咨询
  • 我的图书馆
  • 登录
  • 详细信息显示
  • 放入我的书架
  • 预约/预借图书
  • 作者相关作品
  • 分类相关作品
  • 丛书相关作品
  • 出版社相关作品

书目信息

  • 表格格式
  • 工作单格式
  • 卡片格式
题名:
动态磁性测量
    
 
作者: 梅文余 编
分册:  
出版信息: 北京   机械工业出版社  1985
页数: 269页
开本: 20cm
丛书名: 电磁场测量与仪表丛书
单 册:
中图分类: O441.5 , TM936
科图分类:
主题词: 动态-磁测量 , 磁测量-动态 , 磁测量 , 测磁仪器
电子资源:
ISBN:
000 00831nam2 2200325 45
001 0185011031
005 20040521085338.2
010    @dCNY2.60
091    @a15033.5730
100    @a19900904d1985 em y0chiy0121 ea
101 0  @achi
102    @aCN@b110000
105    @ay z 000yy
106    @ar
200 10 @a动态磁性测量@Adong tai ci xing ce liang@f梅文余编
210    @a北京@c机械工业出版社@d1985
215    @a269页@d20cm
225 2  @a电磁场测量与仪表丛书
410  0 @120010@a电磁场测量与仪表丛书
606    @a动态-磁测量
606    @a磁测量-动态
606 0  @a磁测量
606 0  @a测磁仪器
610 0  @a电磁量@a测量
690    @aO441.5@v3
690    @aTM936
701  0 @a梅文余@Amei wen yu@4编
801  0 @aCN@b深圳图书馆@c20040521
801  2 @aCN@bNLC@c20040521
905    @f2@b150047-048@dTM936@e45
    
    动态磁性测量/梅文余编.-北京:机械工业出版社,1985
    269页;20cm.-(电磁场测量与仪表丛书)
    
    
    ISBN :CNY2.60
    
●
相关链接 在E读中查询图书 在五车中查询图书 在当当中查询图书 在豆瓣中查询图书


正题名:动态磁性测量     索取号:TM936/45         预约/预借

序号 登录号 条形码 馆藏地/架位号 状态 备注
1 0150047   001347135   第三借阅区/ [索取号:TM936/45] 在馆    
2 0150048   001347215   第三借阅区/ [索取号:TM936/45] 在馆    
3 0150049   001347171   第二样本阅览室/ [索取号:TM936/45] 在馆    
唐山师范学院图书馆 欢迎您!
大连网信软件有限公司© 版权所有